Museo de Arte Colonial de Morelia (Record no. 914)

MARC details
000 -CABECERA
campo de control de longitud fija 01124nam a2200265 a 4500
001 - NÚMERO DE CONTROL
campo de control BRCA_1035
005 - FECHA Y HORA DE LA ÚLTIMA TRANSACCIÓN
campo de control 20190320203242.0
008 - DATOS DE LONGITUD FIJA--INFORMACIÓN GENERAL
campo de control de longitud fija 071112s2006 mx-a---##b---s000-0#spa-d
020 ## - NÚMERO INTERNACIONAL ESTÁNDAR DEL LIBRO
Número Internacional Estándar del Libro 970679171X
050 #4 - SIGNATURA TOPOGRÁFICA DE LA BIBLIOTECA DEL CONGRESO
Número de clasificación N910.M50
Número de documento/Ítem .M87 2006
245 10 - MENCIÓN DE TÍTULO
Título Museo de Arte Colonial de Morelia
Mención de responsabilidad, etc. coordinadoras Carmen Alicia Dávila, Nelly Sigaut ; autores Eduwiges Casillas Hernández ... [et al.].
260 ## - PUBLICACIÓN, DISTRIBUCIÓN, ETC.
Lugar de publicación, distribución, etc. Zamora, Michoacán
Nombre del editor, distribuidor, etc. El Colegio de Michoacán : Secretaría de Cultura del Estado de Michoacán
Fecha de publicación, distribución, etc. 2006
300 ## - DESCRIPCIÓN FÍSICA
Extensión 171 p.
Otras características físicas il. (algunas a color)
Dimensiones 21 cm.
500 ## - NOTA GENERAL
Nota general Incluye índice de ilustraciones
500 ## - NOTA GENERAL
Nota general 2do. ejemplar en el Área de Investigación
504 ## - NOTA DE BIBLIOGRAFÍA, ETC.
Nota de bibliografía, etc. Bibliografía: p. 156-161
610 24 - PUNTO DE ACCESO ADICIONAL DE MATERIA--NOMBRE DE ENTIDAD CORPORATIVA
Nombre de entidad corporativa o nombre de jurisdicción como elemento de entrada Museo de Arte Colonial de Morelia (Michoacán, México)
Subdivisión de forma Catálogos
9 (RLIN) 3410
650 14 - PUNTO DE ACCESO ADICIONAL DE MATERIA--TÉRMINO DE MATERIA
Término de materia o nombre geográfico como elemento de entrada Pintura mexicana
Subdivisión de forma Catálogos
9 (RLIN) 3411
650 14 - PUNTO DE ACCESO ADICIONAL DE MATERIA--TÉRMINO DE MATERIA
Término de materia o nombre geográfico como elemento de entrada Pintura colonial
Subdivisión de forma Catálogos
Subdivisión geográfica México
9 (RLIN) 3412
650 14 - PUNTO DE ACCESO ADICIONAL DE MATERIA--TÉRMINO DE MATERIA
Término de materia o nombre geográfico como elemento de entrada Pintura
Subdivisión de forma Catálogos
Subdivisión geográfica Michoacán - México
9 (RLIN) 3413
700 1# - PUNTO DE ACCESO ADICIONAL--NOMBRE DE PERSONA
Nombre de persona Dávila Munguía, Carmen Alicia
9 (RLIN) 3414
700 1# - PUNTO DE ACCESO ADICIONAL--NOMBRE DE PERSONA
Nombre de persona Sigaut, Nelly
9 (RLIN) 3415
700 1# - PUNTO DE ACCESO ADICIONAL--NOMBRE DE PERSONA
Nombre de persona Casillas Hernández, Eduwiges
9 (RLIN) 3416
942 ## - ELEMENTOS DE PUNTO DE ACCESO ADICIONAL (KOHA)
Fuente del sistema de clasificación o colocación Library of Congress Classification
Tipo de ítem Koha Libros
Holdings
Estado de retiro Estado de pérdida Estado dañado No para préstamo Localización permanente Ubicación/localización actual Fecha de adquisición Total de préstamos Signatura topográfica completa Código de barras Fecha visto por última vez Precio válido a partir de Tipo de ítem Koha Código de colección
El ejemplar forma parte de la colección y puede ser consultado según las políticas vigentes.       Biblioteca del Museo Franz Mayer (Rogerio Casas-Alatriste) Biblioteca del Museo Franz Mayer (Rogerio Casas-Alatriste) 26/06/2008   N910.M50 .M87 2006 01523 22/03/2019 22/03/2019 Libros  
El ejemplar forma parte de la colección y puede ser consultado según las políticas vigentes.       Biblioteca del Museo Franz Mayer (Rogerio Casas-Alatriste) Biblioteca del Museo Franz Mayer (Rogerio Casas-Alatriste) 02/02/2012   N910.M50 .M87 2006 02600 22/03/2019 22/03/2019 Libros Acervo General